000 00523nam a2200193Ia 4500
008 151119s9999||||xx |||||||||||||| ||und||
082 _a891.46308
082 _bGKKV11538
100 _aपानवलकर श्री दा
245 _aसंजारी
260 _a--
260 _b--
260 _c1992
600 _aपानवलकर श्री दा
630 _aसंजारी
700 _aपानवलकर श्री दा
730 _aसंजारी
942 _cBOOK
999 _c1065518
_d1065515